000 00602cam a22002053a 4500
001 40082
003 PGUSA
005 20140828083907.0
008 120625s2012||||xxu|||||s|||||000 | eng d
040 _aPGUSA
_beng
042 _adc
100 1 _aGardiner, Samuel Rawson,
_d1829-1902
245 1 4 _aThe Thirty Years' War :
_b1618-1648
_h[electronic resource] /
_cSamuel Rawson Gardiner
260 _bProject Gutenberg,
_c2012
506 _aPublic domain in the USA.
516 _aElectronic text
830 0 _aProject Gutenberg
_v40082
856 4 0 _uhttp://www.gutenberg.org/ebooks/40082
942 _cEB
999 _c269335
_d269335